Estatísticas para Cultura Geral

Clique aqui para jogar o quiz

Estatísticas Gerais

  • Esse quiz foi jogado 13 vezes
  • A pontuação média é 4 de 15

Estatísticas das Respostas

HintResposta% Correto
Que nome damos ao genocídio de judeus pela Alemanha Nazista durante a Segunda Guerra Mundial?Holocausto
75%
Que nome damos a uma embarcação capaz de operar completamente submersa?Submarino
75%
Em que país podemos encontrar o Palácio de Versalhes?França
58%
Que nome damos a um equipamento que aquece uma área pequena?Aquecedor
50%
Que nome damos á parte de uma roupa que cobre o braço, por parte ou por completo?Manga
50%
Que nome damos a um móvel utilizado tanto para escrever quanto para guardar arquivos, documentos e objetos?Escrivaninha
25%
Que nome damos a um dispositivo que permite detectar objetos distantes e inferir suas distâncias à antena direcional transceptora do rádio?Radar
25%
Que nome damos ao recipiente onde se guarda objetos?Caixa
17%
Que nome damos ao processo de desmantelamento da herança comunistas nos países pós-soviéticos?Descomunização
17%
Que nome damos ao departamento que leva a cabo as tarefas centrais de administração em uma organização?Secretaria
17%
Que nome damos a uma instituição ou serviço para custódia, processamento, conservação e acesso a documentos?Arquivo
8%
Que nome damos a um móvel decorativo feito para exibição, bem como para armazenamento?Cómoda
0%
Que nome damos ao fenómeno da desintegração do núcleo de um átomo com a emissão de radiações?Radioatividade
0%
Que nome damos á preocupação excessiva em suas próprias habilidades ou atratividade para os outros?Vaidade
0%
Que nome damos á capacidade através da qual tomamos posição frente ao que nos aparece?Vontade
0%

Distribuição das Pontuações

Percentil de Números Respondidos

Porcentagem de Pessoas com Cada Pontuação

Sua Pontuação Histórica

Você não jogou esse quiz